Restoration dramas (Record no. 83092)

MARC details
000 -LEADER
fixed length control field 00963cab a22002535a 4500
001 - CONTROL NUMBER
control field L152786
008 - FIXED-LENGTH DATA ELEMENTS--GENERAL INFORMATION
fixed length control field 110427e20110423xxk 000 0 eng d
035 ## - SYSTEM CONTROL NUMBER
System control number (Sirsi) u152786
041 0# - LANGUAGE CODE
Language code of text/sound track or separate title eng
100 1# - MAIN ENTRY--PERSONAL NAME
Personal name McGoldrick, Jessica
245 00 - TITLE STATEMENT
Title Restoration dramas
260 ## - PUBLICATION, DISTRIBUTION, ETC.
Date of publication, distribution, etc. 2011
490 ## - SERIES STATEMENT
Series statement Estates Gazette
Volume/sequential designation (1116) 23 April 2011, 74-76(3)
520 ## - SUMMARY, ETC.
Summary, etc. This Mainly for Students focuses on reinstatement clauses in leases requiring tenants to reinstate premises prior to end of leases.
520 ## - SUMMARY, ETC.
Summary, etc. The issue that this article is in is missing
590 ## - LOCAL NOTE (RLIN)
Local note KA
650 24 - SUBJECT ADDED ENTRY--TOPICAL TERM
Topical term or geographic name entry element WESTMINSTER LBC V HSBC BANK PLC
650 24 - SUBJECT ADDED ENTRY--TOPICAL TERM
Topical term or geographic name entry element CODE FOR LEASING BUSINESS PREMISES IN ENGLAND AND WALES 2007
650 24 - SUBJECT ADDED ENTRY--TOPICAL TERM
Topical term or geographic name entry element SCOTTISH MUTUAL ASSURANCE SOCIETY LTD V BRITISH COMMUNICATIONS PLC
650 24 - SUBJECT ADDED ENTRY--TOPICAL TERM
Topical term or geographic name entry element LANDLORD AND TENANT ACT 1927 S19
651 #4 - SUBJECT ADDED ENTRY--GEOGRAPHIC NAME
Geographic name England and Wales
Chronological subdivision 1543-
690 ## - LOCAL SUBJECT ADDED ENTRY--TOPICAL TERM (OCLC, RLIN)
Topical term or geographic name as entry element PROPERTY-LEASEHOLD PROPERTY-LANDLORD AND TENANT-DILAPIDATIONS
942 ## - ADDED ENTRY ELEMENTS (KOHA)
Suppress in OPAC 0
Source of classification or shelving scheme Dewey Decimal Classification
Holdings
Withdrawn status Lost status Source of classification or shelving scheme Damaged status Not for loan Home library Current library Shelving location Date acquired Total Checkouts Full call number Barcode Date last seen Copy number Price effective from Koha item type
    Dewey Decimal Classification     London London Missing 27/04/2011   L152786 152786-1001 06/08/2019 1 06/08/2019 Journal article